[Event "British Chess Championships 2023: Weekend Tournament Penrose"]
[Site "De Montfort University, 20 Western Boulevard, Leicester, LE2 7BU"]
[Date "2023.07.23"]
[Round "4"]
[Board "33"]
[White "Cave, Nathan"]
[Black "Lataille, Matthias"]
[Result "0-1"]
[WhiteElo "1717"]
[BlackElo "1797"]
[PlyCount "140"]
[EventDate "2023.07.21"]
[EventRounds "5"]
[EventCountry "ENG"]

1. e4 e5 2. Nc3 Nf6 3. Nf3 Nc6 4. d4 Bb4 5. d5 Ne7 6. Bd3 d6 7. O-O h6 8. Ne2 Bg4
9. Ng3 Bc5 10. Bd2 a5 11. h3 Bd7 12. Nh4 g5 13. Qf3 gxh4 14. Qxf6 Ng6 15. Qxd8+ Kxd8
16. Nh5 Ke7 17. a4 Rag8 18. Kh2 b6 19. f4 exf4 20. Bc3 Ne5 21. Rxf4 Rg6 22. Rff1
Rhg8 23. Nf4 R6g7 24. Be1 Be3 25. Bxh4+ Kf8 26. g3 Nxd3 27. Nxd3 Bg5 28. Bxg5 Rxg5
29. Rf3 Ke7 30. b3 c6 31. Raf1 R8g7 32. c4 c5 33. h4 R5g6 34. Nf4 Rf6 35. Nh5 Rxf3
36. Rxf3 Bg4 37. Nxg7 Bxf3 38. Nf5+ Kd7 39. Nxh6 Bxe4 40. Nxf7 Bc2 41. h5 Ke7 42.
Ng5 Kf6 43. Ne6 Bd1 44. Nf4 Bxb3 45. g4 Bxa4 46. g5+ Kxg5 47. h6 Kxh6 48. Ne6 Kg6
49. Kg2 Kf5 50. Kf3 Bb3 51. Ng7+ Ke5 52. Ne8 Bxc4 53. Nc7 Bxd5+ 54. Ke3 Bc4 55. Kd2
a4 56. Kc3 d5 57. Na8 b5 58. Nb6 b4+ 59. Kc2 a3 60. Kb1 Bb5 61. Ka2 d4 62. Kb1 d3
63. Kc1 Kd4 64. Kb1 d2 65. Kc2 a2 66. Kb2 a1=Q+ 67. Kxa1 d1=Q+ 68. Ka2 Qc2+ 69. Ka1
Qc1+ 70. Ka2 Qa3+  0-1

[Event "British Chess Championships 2023: Weekend Tournament Penrose"]
[Site "De Montfort University, 20 Western Boulevard, Leicester, LE2 7BU"]
[Date "2023.07.23"]
[Round "4"]
[Board "34"]
[White "Venn, Hiren"]
[Black "Mckenna, Joshua"]
[Result "1/2-1/2"]
[WhiteElo "1795"]
[BlackElo "1600"]
[PlyCount "90"]
[EventDate "2023.07.21"]
[EventRounds "5"]
[EventCountry "ENG"]

1. d4 d5 2. c4 e6 3. Nf3 Nf6 4. g3 dxc4 5. Bg2 c5 6. O-O Nc6 7. dxc5 Qxd1 8. Rxd1
Bxc5 9. e3 Rb8 10. a4 a6 11. a5 O-O 12. Nc3 Bb4 13. Nd4 Nxa5 14. Ra4 Bxc3 15. bxc3
b6 16. Ba3 Rd8 17. Rb1 Nd5 18. Rxa5 Nxc3 19. Rb2 Nb5 20. Raxb5 axb5 21. Kf1 Bb7 22.
Bxb7 Rxb7 23. Nxb5 Rbb8 24. Bd6 Ra8 25. Be5 Rd5 26. Bc3 Rd7 27. Ke2 f6 28. e4 e5
29. Bd2 Rc8 30. Nc3 Rb7 31. Nb5 Rc6 32. Nc3 Kf7 33. Rb4 h6 34. f4 exf4 35. gxf4 g5
36. f5 h5 37. Nd5 Rc5 38. Rxb6 Rxb6 39. Nxb6 Rc6 40. Nd5 Ra6 41. h3 Ra1 42. Bc3 Ra2+
43. Kf3 Ra3 44. Kf2 Ra2+ 45. Kf3 Ra3  1/2-1/2

[Event "British Chess Championships 2023: Weekend Tournament Penrose"]
[Site "De Montfort University, 20 Western Boulevard, Leicester, LE2 7BU"]
[Date "2023.07.24"]
[Round "5"]
[Board "1"]
[White "Wastney, Dylan"]
[Black "Llewellyn, Julian D"]
[Result "1/2-1/2"]
[WhiteElo "1893"]
[BlackElo "1950"]
[PlyCount "0"]
[EventDate "2023.07.21"]
[EventRounds "5"]
[EventCountry "ENG"]

1. e4 c6 2. Nc3 d5 3. Nf3 Nf6 4. e5 Ne4 5. d4 Nxc3 6. bxc3 c5 7. Be2 Nc6 8. O-O c4
9. Ne1 Bf5 10. Bg4 Qd7 11. Bxf5 Qxf5 12. Ba3 h5 13. f4 g6 14. Qf3 e6 15. Bxf8 Kxf8
16. Rb1 b6 17. h3 Ne7 18. Rf2 Kg7 19. Qe3 Qe4 20. Qd2 Qf5 21. Nf3 h4 22. Ng5 Nc6
23. Qc1 Rac8 24. Qa3 Rhd8 25. Qa6 Rc7 26. Qa3 Rcc8 27. Qa4 Rc7 28. Qa3 Rcc8 29. Qa6
Rc7 30. Qa3  1/2-1/2

[Event "British Chess Championships 2023: Weekend Tournament Penrose"]
[Site "De Montfort University, 20 Western Boulevard, Leicester, LE2 7BU"]
[Date "2023.07.24"]
[Round "5"]
[Board "2"]
[White "Royle, Alex"]
[Black "Gartside, Carl"]
[Result "1-0"]
[WhiteElo "1942"]
[BlackElo "1895"]
[PlyCount "0"]
[EventDate "2023.07.21"]
[EventRounds "5"]
[EventCountry "ENG"]

1. e4 e5 2. Nf3 Nc6 3. Bb5 a6 4. Ba4 d6 5. c3 f5 6. d3 Nf6 7. Nbd2 Be7 8. O-O O-O
9. h3 Qe8 10. Re1 Qg6 11. Nh4 Qh5 12. Nxf5 Qxd1 13. Nxe7+ Nxe7 14. Bxd1 Ng6 15. Nf1
Be6 16. d4 Rf7 17. Ng3 Raf8 18. Be3 Nf4 19. Bxf4 exf4 20. Nf1 Re7 21. Bf3 Bc8 22.
Re2 Rfe8 23. Rae1 Kf8 24. Nd2 g6 25. a4 Kg7 26. b4 g5 27. Nc4 Be6 28. Na5 c6 29.
e5 dxe5 30. Rxe5 Kg6 31. Nxb7 Nd5 32. Bxd5 cxd5 33. Nd6 Kf6 34. Nxe8+ Rxe8 35. b5
axb5 36. axb5  1-0

[Event "British Chess Championships 2023: Weekend Tournament Penrose"]
[Site "De Montfort University, 20 Western Boulevard, Leicester, LE2 7BU"]
[Date "2023.07.24"]
[Round "5"]
[Board "3"]
[White "Kapoor, Gurveen"]
[Black "Tomlinson, Zak"]
[Result "1-0"]
[WhiteElo "1918"]
[BlackElo "1787"]
[PlyCount "0"]
[EventDate "2023.07.21"]
[EventRounds "5"]
[EventCountry "ENG"]

1. Nf3 Nf6 2. g3 g6 3. b3 Bg7 4. Bb2 O-O 5. Bg2 d6 6. c4 c5 7. d4 cxd4 8. Nxd4 Qd7
9. Nc3 Nc6 10. O-O Rb8 11. e4 Nxd4 12. Qxd4 b6 13. Rfd1 Bb7 14. Qd2 Rfd8 15. Qe2
Qg4 16. Bf3 Qc8 17. b4 Ba6 18. b5 Bb7 19. Rac1 Nd7 20. Bg4 h5 21. Nd5 Bxd5 22. cxd5
Qb7 23. Bxd7 Qxd7 24. Bxg7 Kxg7 25. h4 Rdc8 26. Qb2+ f6 27. Rc6 Qg4 28. Rd4 Qf3 29.
Rdc4 Re8 30. Qd4 Rb7 31. a4 Kf7 32. Rc3 Qg4 33. Kg2 g5 34. f3 Qd7 35. hxg5 fxg5 36.
e5 dxe5 37. Qxe5 Rg8 38. Rc7 Rxc7 39. Rxc7 Qd8 40. d6 Re8 41. Qf5+ Kg7 42. Rd7 Qb8
43. Qxg5+  1-0

[Event "British Chess Championships 2023: Weekend Tournament Penrose"]
[Site "De Montfort University, 20 Western Boulevard, Leicester, LE2 7BU"]
[Date "2023.07.24"]
[Round "5"]
[Board "4"]
[White "Gnanagurusamy, Ganeshbabu"]
[Black "Subin, Samvrit"]
[Result "1/2-1/2"]
[WhiteElo "1896"]
[BlackElo "1742"]
[PlyCount "0"]
[EventDate "2023.07.21"]
[EventRounds "5"]
[EventCountry "ENG"]

1. d4 Nf6 2. Nf3 g6 3. c4 Bg7 4. Nc3 O-O 5. e4 d6 6. Be2 e5 7. O-O Nc6 8. d5 Ne7
9. b4 Ne8 10. c5 f5 11. Ng5 h6 12. Ne6 Bxe6 13. dxe6 fxe4 14. cxd6 cxd6 15. Nxe4
b6 16. Rb1 d5 17. Nc3 Nf6 18. Qb3 Qc8 19. b5 Qxe6 20. Ba3 Rfd8 21. Bxe7 Qxe7 22.
Nxd5 Rxd5 23. Bc4 Rad8 24. Rbd1 Qb7 25. Rxd5 Nxd5 26. Rd1 Kh7 27. Rxd5 Rxd5 28. Bxd5
Qc7 29. g3 Qc5  1/2-1/2

[Event "British Chess Championships 2023: Weekend Tournament Penrose"]
[Site "De Montfort University, 20 Western Boulevard, Leicester, LE2 7BU"]
[Date "2023.07.24"]
[Round "5"]
[Board "5"]
[White "Chiang, Richard"]
[Black "Dooley, Max"]
[Result "1/2-1/2"]
[WhiteElo "1715"]
[BlackElo "1863"]
[PlyCount "0"]
[EventDate "2023.07.21"]
[EventRounds "5"]
[EventCountry "ENG"]

1. c4 Nf6 2. Nc3 g6 3. g3 Bg7 4. Bg2 d6 5. e4 e5 6. Nge2 O-O 7. O-O a5 8. d3 Nbd7
9. h3 Nc5 10. Be3 b6 11. Qc2 Be6 12. Nd5 Nfd7 13. f4 Bxd5 14. cxd5 f5 15. fxe5 fxe4
16. d4 Na6 17. Rxf8+ Qxf8 18. Rf1 Qe7 19. e6 Nf6 20. Nc3 Nb4 21. Qb1 Nbxd5 22. Nxd5
Nxd5 23. Qxe4 c6 24. Rf7 Qe8 25. Bf4 Nxf4 26. gxf4 d5 27. Qe3 Qd8 28. Kh1 Rc8 29.
Rb7 Qf6 30. Rxb6 Qxd4 31. Qxd4 Bxd4 32. Rb7 Bc5 33. Bf3 Re8 34. Rc7 Rxe6 35. Bxd5
cxd5 36. Rxc5 Re1+ 37. Kg2 Re2+ 38. Kf3 Rxb2 39. Rxa5  1/2-1/2

[Event "British Chess Championships 2023: Weekend Tournament Penrose"]
[Site "De Montfort University, 20 Western Boulevard, Leicester, LE2 7BU"]
[Date "2023.07.24"]
[Round "5"]
[Board "6"]
[White "Masani, Matthew M"]
[Black "Shivakumar, Akshath"]
[Result "1-0"]
[WhiteElo "1862"]
[BlackElo "1664"]
[PlyCount "0"]
[EventDate "2023.07.21"]
[EventRounds "5"]
[EventCountry "ENG"]

1. d4 f5 2. Bg5 g6 3. Nc3 Bg7 4. e4 d6 5. h4 h6 6. Be3 e5 7. dxe5 dxe5 8. Qxd8+ Kxd8
9. O-O-O+ Bd7 10. f3 Nf6 11. Bc4 b6 12. Nge2 Kc8 13. Rd3 Kb7 14. Rhd1 Bc6 15. Bd5
f4 16. Bf2 Rd8 17. a3 a6 18. Be1 Bxd5 19. Nxd5 Nc6 20. Bc3 g5 21. hxg5 hxg5 22. g3
Rf8 23. gxf4 gxf4 24. Kb1 Rad8 25. b4 b5 26. Nc1 Rd6 27. Nb3 Rfd8 28. Nc5+ Ka7 29.
Nxc7 Rxd3 30. Rxd3 Rxd3 31. Nxd3 Nd7 32. Nxf4 exf4 33. Bxg7 Nde5 34. Nd5 Nxf3 35.
Nxf4 Nd2+ 36. Kb2 Nxe4 37. Ne6 Nd6 38. Kb3 Nc4 39. Bh6 a5 40. a4 Nxb4 41. axb5 Nd6
42. c4 Nd3 43. Be3+ Kb7 44. Nc5+ Nxc5+ 45. Bxc5 Ne4 46. Be7 Kc7 47. Ka4 Kb6 48. c5+
Nxc5+ 49. Bxc5+ Kxc5 50. Kxa5 Kd6 51. Kb6 Kd7 52. Ka7 Kc7 53. b6 Kc8 54. b7+ Kc7
55. b8=Q Kc6 56. Qe5 Kd7 57. Kb6 Kd8 58. Kc6 Kc8 59. Qc7#  1-0

[Event "British Chess Championships 2023: Weekend Tournament Penrose"]
[Site "De Montfort University, 20 Western Boulevard, Leicester, LE2 7BU"]
[Date "2023.07.24"]
[Round "5"]
[Board "7"]
[White "Vadalia, Jainill"]
[Black "Bradley, William"]
[Result "1-0"]
[WhiteElo "1586"]
[BlackElo "1839"]
[PlyCount "0"]
[EventDate "2023.07.21"]
[EventRounds "5"]
[EventCountry "ENG"]

1. d4 g6 2. c4 Bg7 3. Nc3 d6 4. e4 Nd7 5. Nf3 c5 6. Be2 cxd4 7. Nxd4 Ngf6 8. Be3
a6 9. O-O Qc7 10. f3 Ne5 11. Rc1 Nc6 12. Nd5 Qd8 13. Nxc6 bxc6 14. Bb6 Qd7 15. Nc7+
Kf8 16. Nxa8 Qb7 17. Be3 Qxa8 18. Qb3 h5 19. Qb6 Bb7 20. Rfd1 Nd7 21. Qc7 Bc8 22.
Qd8#  1-0

[Event "British Chess Championships 2023: Weekend Tournament Penrose"]
[Site "De Montfort University, 20 Western Boulevard, Leicester, LE2 7BU"]
[Date "2023.07.24"]
[Round "5"]
[Board "8"]
[White "Coward, Neil"]
[Black "Smith, Ryan M"]
[Result "0-1"]
[WhiteElo "1800"]
[BlackElo "1962"]
[PlyCount "0"]
[EventDate "2023.07.21"]
[EventRounds "5"]
[EventCountry "ENG"]

1. e4 d6 2. d4 Nf6 3. Nc3 Nbd7 4. Nf3 e5 5. Bc4 Be7 6. Bxf7+ Kxf7 7. Ng5+ Kg8 8.
Ne6 Qe8 9. Nxc7 Qg6 10. Nxa8 Qxg2 11. Rf1 exd4 12. Qxd4 Ne5 13. f4 Bh3 14. Qf2 Qg6
15. fxe5 Nxe4 16. Nxe4 Qxe4+ 17. Qe3 Bh4+ 18. Rf2 Qh1+ 19. Kd2 Qd5+ 20. Kc3 Qc6+
21. Kb4 Be7 22. Qxa7 d5+ 23. Ka5 Bd8+ 24. Nb6 Bd7 25. Kb4 Be7+ 26. Kb3 Qb5+ 27. Kc3
Bb4+ 28. Kb3 Ba5+ 29. Ka3 Qb4#  0-1

[Event "British Chess Championships 2023: Weekend Tournament Penrose"]
[Site "De Montfort University, 20 Western Boulevard, Leicester, LE2 7BU"]
[Date "2023.07.24"]
[Round "5"]
[Board "9"]
[White "Colclough, Ryan"]
[Black "Taylor, Robert K"]
[Result "0-1"]
[WhiteElo "1795"]
[BlackElo "1935"]
[PlyCount "0"]
[EventDate "2023.07.21"]
[EventRounds "5"]
[EventCountry "ENG"]

1. c4 e5 2. g3 Nf6 3. Bg2 c6 4. d4 exd4 5. Qxd4 d5 6. Bg5 Nbd7 7. cxd5 Bc5 8. Qd2
Qb6 9. e4 O-O 10. dxc6 bxc6 11. Nc3 Re8 12. Nh3 Nxe4 13. Nxe4 f5 14. O-O fxe4 15.
Be3 Bxe3 16. fxe3 Ne5 17. b3 Bxh3 18. Bxh3 Nf3+ 19. Rxf3 exf3 20. Re1 Rf8 21. Qf2
Rad8 22. Bg4 Qb4 23. Bxf3 Rxf3  0-1

[Event "British Chess Championships 2023: Weekend Tournament Penrose"]
[Site "De Montfort University, 20 Western Boulevard, Leicester, LE2 7BU"]
[Date "2023.07.24"]
[Round "5"]
[Board "10"]
[White "Hirst, Joe Aj"]
[Black "Thornley, Oliver"]
[Result "1-0"]
[WhiteElo "1902"]
[BlackElo "1759"]
[PlyCount "0"]
[EventDate "2023.07.21"]
[EventRounds "5"]
[EventCountry "ENG"]

1. b3 f5 2. Bb2 d6 3. e3 Nf6 4. c4 g6 5. g3 Bg7 6. Bg2 O-O 7. Ne2 e5 8. d4 Qe7 9.
O-O c6 10. Nbc3 Be6 11. Qc2 Na6 12. a3 Bf7 13. Rfd1 exd4 14. exd4 d5 15. cxd5 Nxd5
16. Nxd5 Bxd5 17. Bxd5+ cxd5 18. Nf4 Qd7 19. Re1 Rac8 20. Qd3 Nc7 21. Qf3 Rfe8 22.
h4 Re4 23. Qd3 Qe7 24. Rxe4 dxe4 25. Qc4+ Qf7 26. Rc1 Bh6 27. d5 g5 28. Qd4 Bg7 29.
Qxg7+ Qxg7 30. Bxg7 Kxg7 31. Rxc7+  1-0

[Event "British Chess Championships 2023: Weekend Tournament Penrose"]
[Site "De Montfort University, 20 Western Boulevard, Leicester, LE2 7BU"]
[Date "2023.07.24"]
[Round "5"]
[Board "11"]
[White "Coleman, Frederick"]
[Black "Dos Santos Silva, Bruno Alexandre"]
[Result "1-0"]
[WhiteElo "1850"]
[BlackElo "1779"]
[PlyCount "0"]
[EventDate "2023.07.21"]
[EventRounds "5"]
[EventCountry "ENG"]

1. d4 d5 2. Bf4 Nf6 3. e3 e6 4. Bd3 c5 5. c3 Nc6 6. Nf3 Nh5 7. Bg5 f6 8. Ne5 Nxe5
9. dxe5 g6 10. g4 fxg5 11. gxh5 Rg8 12. hxg6 h6 13. Qf3 Qe7 14. Qg3 Bg7 15. f4 gxf4
16. exf4 Bd7 17. Nd2 b5 18. h4 Rf8 19. O-O c4 20. Bc2 Qc5+ 21. Kh2 O-O-O 22. h5 d4
23. Ne4 Qb6 24. Nd6+ Kb8 25. Nf7 d3 26. Nxd8 Rxd8 27. Bd1 Bc6 28. Bf3 d2 29. Rad1
Rd3 30. Qg2 Qd8 31. Qg4 Bxf3 32. Rxf3 Rd5 33. Qxe6 Qh4+ 34. Kg2 Qe1 35. Rxe1 dxe1=Q
36. Qxd5 Qe2+ 37. Rf2 Qg4+ 38. Kf1 Qh3+ 39. Rg2 Qh1+ 40. Kf2 Qh4+ 41. Ke3 Qh3+ 42.
Qf3 Qd7 43. Rd2 Qc7 44. Qd5  1-0

[Event "British Chess Championships 2023: Weekend Tournament Penrose"]
[Site "De Montfort University, 20 Western Boulevard, Leicester, LE2 7BU"]
[Date "2023.07.24"]
[Round "5"]
[Board "12"]
[White "Cole, Graham L"]
[Black "Ashton, Alannah"]
[Result "1-0"]
[WhiteElo "1756"]
[BlackElo "1824"]
[PlyCount "0"]
[EventDate "2023.07.21"]
[EventRounds "5"]
[EventCountry "ENG"]

1. e4 c5 2. Nf3 d6 3. d4 cxd4 4. Nxd4 Nf6 5. Nc3 g6 6. Be3 Bg7 7. f3 O-O 8. Qd2 Nc6
9. O-O-O d5 10. Kb1 Nxd4 11. e5 Nf5 12. exf6 exf6 13. Bc5 d4 14. Bxf8 Qxf8 15. Nb5
Qc5 16. Nxd4 Nxd4 17. Qxd4 Qxd4 18. Rxd4 Be6 19. Bb5 f5 20. Rdd1 Bf6 21. Ba4 f4 22.
Rhe1 Kg7 23. Bb3 Bxb3 24. axb3 b6 25. Re4 g5 26. Rd7 h6 27. c3 Kg6 28. Kc2 b5 29.
b4 a6 30. Rc7 h5 31. b3 Bd8 32. Rc6+ Bf6 33. h4 Kf5 34. hxg5 Kxg5 35. Rc5+ Kg6 36.
Rxf4 Bg5 37. Re4 f6 38. c4 Rb8 39. Kc3 f5 40. Re6+ Bf6+ 41. Kc2 bxc4 42. Rcc6 cxb3+
43. Kxb3 Rf8 44. Rxa6  1-0

[Event "British Chess Championships 2023: Weekend Tournament Penrose"]
[Site "De Montfort University, 20 Western Boulevard, Leicester, LE2 7BU"]
[Date "2023.07.24"]
[Round "5"]
[Board "13"]
[White "Pradhan, Ayan"]
[Black "Banerji, Kumar"]
[Result "0-1"]
[WhiteElo "1692"]
[BlackElo "1805"]
[PlyCount "0"]
[EventDate "2023.07.21"]
[EventRounds "5"]
[EventCountry "ENG"]

1. e4 b6 2. d4 Bb7 3. Bd3 Nf6 4. Nd2 e6 5. Ngf3 d5 6. e5 Nfd7 7. O-O c5 8. c3 Nc6
9. Re1 c4 10. Bc2 b5 11. Nf1 Be7 12. N3d2 b4 13. Ne3 Qa5 14. Ndxc4 dxc4 15. Nxc4
Qc7 16. Ne3 bxc3 17. bxc3 Nb6 18. Qg4 g6 19. f4 Nxd4 20. cxd4 Qc3 21. Bd2 Qxd2 22.
Rad1 Qa5 23. Bb3 Rd8 24. Qg3 Bd5 25. Bxd5 Nxd5 26. Nxd5 Rxd5 27. Qf2 Bb4 28. Re2
O-O 29. Re3 Rfd8 30. a3 Bc5 31. Red3 Qb6 32. Kh1 Rxd4 33. Rxd4 Rxd4 34. Rxd4 Qb1+
35. Qg1 Qxg1+ 36. Kxg1 Bb6 37. Kf2 Bxd4+ 38. Ke2 Kf8 39. Kd3 Bb6 40. h3 Ke7 41. g4
Bc7 42. Ke4 f6 43. exf6+ Kxf6 44. h4 h5 45. g5+ Ke7 46. a4 Kd6 47. Kd4 Kc6 48. Ke4
Kc5 49. a5 a6 50. Ke3 Kd5 51. f5 exf5 52. Kf2 Ke4 53. Kg2 f4 54. Kh3 Bxa5 55. Kh2
Be1 56. Kh3 a5  0-1

[Event "British Chess Championships 2023: Weekend Tournament Penrose"]
[Site "De Montfort University, 20 Western Boulevard, Leicester, LE2 7BU"]
[Date "2023.07.24"]
[Round "5"]
[Board "14"]
[White "Bartram, Philip J"]
[Black "Bowman, Richard L"]
[Result "0-1"]
[WhiteElo "1942"]
[BlackElo "1807"]
[PlyCount "0"]
[EventDate "2023.07.21"]
[EventRounds "5"]
[EventCountry "ENG"]

1. d4 Nf6 2. e3 g6 3. Bd3 Bg7 4. Nd2 d5 5. f4 Nbd7 6. Ngf3 c5 7. c3 b6 8. Ne5 Bb7
9. Qf3 Qc7 10. O-O a5 11. Rf2 e6 12. g4 Ba6 13. Bc2 h5 14. g5 Ng8 15. Nxg6 fxg6 16.
Bxg6+ Kd8 17. Bxh5 Ne7 18. Bf7 Nf8 19. dxc5 bxc5 20. Qg4 Nf5 21. g6 Nxe3 22. Qf3
Nf5 23. Re2 Bxe2 24. Qxe2 Qxf4 25. Nf3 Qg4+ 26. Kf2 Nd6 27. Bg5+ Kc8 28. Rg1 Qe4
29. Qd1 Rb8 30. b4 Qc4 31. Qa4 Ne4+  0-1

[Event "British Chess Championships 2023: Weekend Tournament Penrose"]
[Site "De Montfort University, 20 Western Boulevard, Leicester, LE2 7BU"]
[Date "2023.07.24"]
[Round "5"]
[Board "15"]
[White "Bartram, William"]
[Black "O'gorman, Brendan"]
[Result "1-0"]
[WhiteElo "1932"]
[BlackElo "1779"]
[PlyCount "0"]
[EventDate "2023.07.21"]
[EventRounds "5"]
[EventCountry "ENG"]

1. e4 c5 2. Nf3 g6 3. d4 cxd4 4. Nxd4 Nc6 5. Nc3 Bg7 6. Be3 Nf6 7. Bc4 O-O 8. Bb3
a5 9. a4 d5 10. exd5 Nb4 11. Ndb5 Ng4 12. Bd4 Bf5 13. Bxg7 Kxg7 14. h3 Nf6 15. O-O
h5 16. Nd4 Bc8 17. Nde2 b6 18. Qd4 Kg8 19. Rad1 Ba6 20. Rfe1 Qd6 21. Ng3 Rfd8 22.
Nge4 Nxe4 23. Nxe4 Qc7 24. c3 Nc6 25. Qe3 Nb8 26. d6 exd6 27. Qh6  1-0

[Event "British Chess Championships 2023: Weekend Tournament Penrose"]
[Site "De Montfort University, 20 Western Boulevard, Leicester, LE2 7BU"]
[Date "2023.07.24"]
[Round "5"]
[Board "16"]
[White "Goatcher, Matthew W"]
[Black "George, Richard M"]
[Result "0-1"]
[WhiteElo "1699"]
[BlackElo "1927"]
[PlyCount "0"]
[EventDate "2023.07.21"]
[EventRounds "5"]
[EventCountry "ENG"]

1. c4 e5 2. g3 Nf6 3. Bg2 d5 4. cxd5 Nxd5 5. Nc3 Nb6 6. Nf3 Nc6 7. a3 a5 8. O-O Be7
9. d3 O-O 10. b3 Bg4 11. Bb2 f5 12. Qc2 Bxf3 13. Bxf3 Nd4 14. Qd1 Nxf3+ 15. exf3
Bf6 16. Re1 Qd7 17. b4 axb4 18. axb4 Rxa1 19. Bxa1 Rd8 20. Qb3+ Kf8 21. Rd1 c6 22.
b5 Nd5 23. bxc6 Qxc6 24. Nxd5 Qxd5 25. Qxd5 Rxd5 26. Kf1 Ke7 27. Rb1 b5 28. Ke2 Ke6
29. Bc3 g5 30. Bb4 Be7 31. Bxe7 Kxe7 32. Ke3 Kd6 33. g4 f4+ 34. Kd2 Rc5 35. Rb4 Kc6
36. Rb1 Kb6 37. h3 Rc7 38. Rb2 Ra7 39. Rb4 Ra4 40. Re4 Rxe4 41. fxe4 Kc5 42. Kc3
b4+ 43. Kb3 h6 44. f3 Kd4 45. Kxb4 Kxd3 46. Kc5 Ke3 47. Kd5 Kxf3 48. Kxe5 Kg3 49.
Kd6 f3 50. e5 f2 51. e6 f1=Q 52. e7  0-1

[Event "British Chess Championships 2023: Weekend Tournament Penrose"]
[Site "De Montfort University, 20 Western Boulevard, Leicester, LE2 7BU"]
[Date "2023.07.24"]
[Round "5"]
[Board "17"]
[White "Rastogi, Nayan Keats"]
[Black "Ashworth, Robert M"]
[Result "1/2-1/2"]
[WhiteElo "1677"]
[BlackElo "1880"]
[PlyCount "0"]
[EventDate "2023.07.21"]
[EventRounds "5"]
[EventCountry "ENG"]

1. e4 e5 2. Nf3 Nc6 3. Bb5 a6 4. Ba4 Nf6 5. O-O b5 6. Bb3 Be7 7. Re1 O-O 8. c3 d6
9. h3 Na5 10. Bc2 c5 11. d4 Nd7 12. Nbd2 exd4 13. cxd4 Nc6 14. d5 Nce5 15. Nxe5 Nxe5
16. f4 Ng6 17. Nf3 Bh4 18. Nxh4 Qxh4 19. f5 Ne5 20. a4 b4 21. b3 Re8 22. Bb2 a5 23.
Bxe5 Rxe5 24. Qf3 Bxf5 25. g3 Qe7 26. g4 Bg6 27. Re2 Re8 28. Rae1 h5 29. Bd3 Qh4
30. Rf1 Qe7 31. Rfe1 Kh7 32. Re3 Rh8 33. Qg2 Kg8 34. R1e2 hxg4 35. hxg4 Qg5 36. Re1
Qh4 37. Rg3  1/2-1/2

[Event "British Chess Championships 2023: Weekend Tournament Penrose"]
[Site "De Montfort University, 20 Western Boulevard, Leicester, LE2 7BU"]
[Date "2023.07.24"]
[Round "5"]
[Board "18"]
[White "Khan, Mohammed"]
[Black "Thomas, Gary"]
[Result "1/2-1/2"]
[WhiteElo "1873"]
[BlackElo "1751"]
[PlyCount "0"]
[EventDate "2023.07.21"]
[EventRounds "5"]
[EventCountry "ENG"]

1. e4 d5 2. exd5 Nf6 3. d4 Nxd5 4. c4 Nb6 5. Nc3 g6 6. Be3 Bg7 7. Qd2 O-O 8. O-O-O
Nc6 9. h4 e5 10. d5 Na5 11. Bxb6 axb6 12. b4 Bf5 13. bxa5 Rxa5 14. f3 e4 15. g4 e3
16. Qb2 Bd7 17. Nge2 Qe7 18. Nd4 c5 19. Qxb6 cxd4 20. Qxa5 dxc3 21. Rh2 Qf6 22. Rc2
Qxf3 23. Be2 Qf4 24. Qa7 Bxg4 25. d6 Bxe2 26. Rxe2 c2 27. Rde1 Qxd6  1/2-1/2

[Event "British Chess Championships 2023: Weekend Tournament Penrose"]
[Site "De Montfort University, 20 Western Boulevard, Leicester, LE2 7BU"]
[Date "2023.07.24"]
[Round "5"]
[Board "19"]
[White "Norris, Zack"]
[Black "Honarvarmahalati, Hooman"]
[Result "0-1"]
[WhiteElo "1657"]
[BlackElo "1862"]
[PlyCount "52"]
[EventDate "2023.07.21"]
[EventRounds "5"]
[EventCountry "ENG"]

1. c4 e5 2. Nc3 Nf6 3. g3 Bb4 4. Bg2 O-O 5. e3 c6 6. Nge2 d5 7. cxd5 cxd5 8. d4 e4
9. O-O Nc6 10. Nf4 Be6 11. Bd2 Qd7 12. Rc1 Rac8 13. a3 Ba5 14. Nxe6 fxe6 15. Ne2
Bc7 16. b4 Nd8 17. Rc3 Nf7 18. Qc2 Nd6 19. Rc1 Nc4 20. Nf4 b5 21. Bf1 g5 22. Nh3
Qg7 23. Bxc4 bxc4 24. Qa4 Qh6 25. Kg2 Ng4 26. Qd1 Rxf2+  0-1

[Event "British Chess Championships 2023: Weekend Tournament Penrose"]
[Site "De Montfort University, 20 Western Boulevard, Leicester, LE2 7BU"]
[Date "2023.07.24"]
[Round "5"]
[Board "20"]
[White "Wenninger, Maxim"]
[Black "Singha, Swati"]
[Result "0-1"]
[WhiteElo "1844"]
[BlackElo "1707"]
[PlyCount "36"]
[EventDate "2023.07.21"]
[EventRounds "5"]
[EventCountry "ENG"]

1. e4 e5 2. Nf3 Nc6 3. Bc4 b6 4. d3 Nf6 5. c3 a6 6. Bb3 Bc5 7. h3 d6 8. Nbd2 Qe7
9. Nf1 g5 10. g4 Be6 11. Be3 d5 12. Bxc5 Qxc5 13. exd5 Nxd5 14. d4 exd4 15. Nxd4
O-O-O 16. Ne2 Nf4 17. Bxe6+ fxe6 18. Nd2 Nd3+  0-1

[Event "British Chess Championships 2023: Weekend Tournament Penrose"]
[Site "De Montfort University, 20 Western Boulevard, Leicester, LE2 7BU"]
[Date "2023.07.24"]
[Round "5"]
[Board "21"]
[White "Yi, Louis"]
[Black "Betts, Richard"]
[Result "0-1"]
[WhiteElo "1443"]
[BlackElo "1831"]
[PlyCount "78"]
[EventDate "2023.07.21"]
[EventRounds "5"]
[EventCountry "ENG"]

1. e4 e6 2. d4 d5 3. Nc3 Nf6 4. Bg5 dxe4 5. Nxe4 Nbd7 6. Nxf6+ Nxf6 7. Nf3 h6 8.
Be3 Be7 9. Bd3 O-O 10. O-O b6 11. Qe2 Bb7 12. Rad1 Bd6 13. Ne5 Qe7 14. c4 c5 15.
Ng4 Nxg4 16. Qxg4 f5 17. Qh5 cxd4 18. Bxd4 e5 19. Bc3 e4 20. c5 exd3 21. cxd6 Qxd6
22. Rfe1 Rad8 23. Re3 Be4 24. Bd2 Rf6 25. Rg3 f4 26. Rg4 g5 27. Bc3 Rg6 28. Re1 Bf5
29. Rxg5 Rxg5 30. Re8+ Rxe8 31. Qxe8+ Qf8 32. Qe5 Qg7 33. Qe8+ Qf8 34. Qe5 Kh7 35.
Qc7+ Kg6 36. Qc6+ Kh5 37. h3 Bxh3 38. Kh2 Bxg2 39. Qc7 Qf5  0-1